000 01012nam a22002657a 4500
005 20240530110907.0
008 220302s2006 ua g b 000 0 ara d
017 _a2006/13149
_bمصر. دار الكتب
040 _aEG-CaGPL
_cEG-CaGPL
082 0 4 _221
_a322.1/
_bح م
100 0 _aحمادة امام
245 1 0 _aمبارك والاخوان :
_bصراعات علنية وصفقات سرية /
_cحمادة امام
250 _aط.1
260 _aالقاهرة :
_bدار حوار،
_c2006.
300 _a158 ص. ؛
_c24 سم.
504 _aيشتمل على ارجاعات ببليوجرافية
650 0 7 _2qrmak
_aالاخوان المسلمين
650 0 7 _2qrmak
_aالاخوان المسلمين
_xتاريخ
650 0 7 _2qrmak
_aالاسلام
_xدعوات سلفية
650 0 7 _2qrmak
_aالاحزاب السياسية
650 0 7 _2qrmak
_aالاسلام
_xالاحوال السياسية
651 _2qrmak
942 _2ddc
_cBK
999 _c66234
_d66234